Introduction to the principles of heterogeneous catalysis (Record no. 13153)

000 -LEADER
fixed length control field 00545nam a22002051 4500
001 - CONTROL NUMBER
control field 13153
003 - CONTROL NUMBER IDENTIFIER
control field BD-DhUET
008 - FIXED-LENGTH DATA ELEMENTS--GENERAL INFORMATION
fixed length control field 740801s1967 enka b 000 0 eng
040 ## - CATALOGING SOURCE
Original cataloging agency DLC
Transcribing agency DLC
Modifying agency BD-DhUET
082 00 - DEWEY DECIMAL CLASSIFICATION NUMBER
Classification number 660.2995
Item number THO/1967
100 1# - MAIN ENTRY--PERSONAL NAME
Personal name Thomas, J. M.
245 10 - TITLE STATEMENT
Title Introduction to the principles of heterogeneous catalysis
250 ## - EDITION STATEMENT
Edition statement 1st ed.
260 ## - PUBLICATION, DISTRIBUTION, ETC. (IMPRINT)
Place of publication, distribution, etc. London
Name of publisher, distributor, etc. Academic Press
Date of publication, distribution, etc. 1967
300 ## - PHYSICAL DESCRIPTION
Extent x, 544 p.
Other physical details ill.
Dimensions 24 cm.
504 ## - BIBLIOGRAPHY, ETC. NOTE
Bibliography, etc Includes bibliographies
650 #0 - SUBJECT ADDED ENTRY--TOPICAL TERM
Topical term or geographic name as entry element Catalysis
700 ## - ADDED ENTRY--PERSONAL NAME
Personal name Thomas, W. J.
942 ## - ADDED ENTRY ELEMENTS (KOHA)
Koha item type General Book
Holdings
Shelving location Piece designation (barcode) Koha normalized classification for sorting Price effective from Lost status Location (home branch) Damaged status Not for loan Koha full call number Copy number Source of classification or shelving scheme Koha date last seen Koha item type Sublocation or collection (holding branch) Date acquired Withdrawn status
Circulation section63539660_299500000000000_THO_19672015-03-01 Central Library, BUET  660.2995/THO/19671 2015-03-01General BookCentral Library, BUET2015-03-01 
Circulation section63540660_299500000000000_THO_19672015-03-01 Central Library, BUET  660.2995/THO/19672 2015-03-01Contented Book Central Library, BUET2015-03-01